| 000 | 00571nam a22001817a 4500 | ||
|---|---|---|---|
| 005 | 20251108172331.0 | ||
| 008 | 250721s1987 xx 000 0 ara d | ||
| 082 | 1 | 4 | _a915.6/صلا |
| 100 | 1 | _aالشامي، صلاح الدين علي | |
| 245 | 1 | 0 | _aجغرافية العالم الإسلامي / |
| 264 | 1 |
_aالإسكندرية : _bمنشأة المعارف، _c1987. |
|
| 300 | _a646ص | ||
| 650 | 1 | 7 | _aالبلدان العربية |
| 650 | 1 | 7 | _aالجغرافيا |
| 700 | 1 | _aعبد المقصود، زين الدين | |
| 942 |
_2ddc _cBK |
||
| 999 |
_c76480 _d76480 |
||